Normal view
MARC view
Entry Topical Term
001 - CONTROL NUMBER
- control field: 5087
003 - CONTROL NUMBER IDENTIFIER
- control field: OSt
005 - DATE AND TIME OF LATEST TRANSACTION
- control field: 20110602103923.0
008 - FIXED-LENGTH DATA ELEMENTS
- fixed length control field: 110602|||a|||||| | ||| d
040 ## - CATALOGING SOURCE
- Original cataloging agency: OSt
- Transcribing agency: OSt
150 ## - HEADING--TOPICAL TERM
- Topical term or geographic name as entry element: Law
- Geographic subdivision: Uganda.
670 ## - SOURCE DATA FOUND
- Source citation: Work cat.: (OSt)2317: Uganda. 554, Laws of the Republic of Uganda 2000 Vol. 1 Chapters 1 - 3 /, 2000.
